00330cam a22001097a 4500008004000000100001600040245007100056260004800127300001000175650001200185700002300197180718b1969 xxu||||| |||| 00| 0 eng d aIvist, H.E. aVikash vinimai ke sidhantcby H.E.Ivist;editedby Vedprakash Sharma aChandigarhbHariyana Sahitiya Academyc1969 a287p. aVinimai aSharma, Vedprakash